000 00346nam a2200109Ia 4500
008 240129s9999 xx 000 0 und d
100 _aMISHRA, SONU
245 0 _aTOXICOPROTEOMICS APPROACH AND COMPUTATIONAL MODELING FOR STUDY OF DRACUNCULUS MEDINENSIS
260 _bMEWAR UNIVERSITY, CHITTORGARH
_c2021
650 _aBiotechnology
942 _cTHE
999 _c218930
_d218930